| Tag |
First Indicator |
Second Indicator |
Subfields |
| LEADER |
00000cam a2200000 4500 |
| 001 |
in00000720263 |
| 005 |
20151016060856.0 |
| 008 |
750611s1957 nyua b 00000 eng |
| 010 |
|
|
|a 57005713
|
| 035 |
|
|
|a (OCoLC)01386916
|
| 035 |
|
|
|9 ADD1103AM
|
| 040 |
|
|
|a DLC
|c ORL
|d OCL
|d TXA
|d UtOrBLW
|
| 049 |
|
|
|a TXAM
|c [408752]
|
| 050 |
0 |
0 |
|a E178.1
|b .H295 1957
|
| 082 |
0 |
|
|a 973
|
| 092 |
|
|
|a 973
|b H286w, 1957
|
| 100 |
1 |
|
|a Harlow, Ralph Volney,
|d 1884-1956.
|
| 245 |
1 |
4 |
|a The United States: from wilderness to world power /
|c Rev. by Nelson Blake.
|
| 250 |
|
|
|a 3d ed.
|
| 264 |
|
1 |
|a New York :
|b Holt,
|c [1957]
|
| 300 |
|
|
|a 916 pages :
|b illustrations ;
|c 25 cm.
|
| 336 |
|
|
|a text
|b txt
|2 rdacontent
|
| 337 |
|
|
|a unmediated
|b n
|2 rdamedia
|
| 338 |
|
|
|a volume
|b nc
|2 rdacarrier
|
| 504 |
|
|
|a Includes bibliographies.
|
| 651 |
|
0 |
|a United States
|x History.
|
| 700 |
1 |
|
|a Blake, Nelson Manfred,
|d 1908-1996.
|
| 999 |
|
|
|a MARS
|
| 999 |
f |
f |
|s a033c8a4-dd22-3d6a-b8df-77074fada69d
|i d3ed3c38-b6cd-3252-a0a5-80681297c916
|t 0
|
| 952 |
f |
f |
|p ric
|a Texas A&M University
|b Rellis Campus
|c Joint Library Facility
|d Remote Storage
|t 0
|e E178.1 H295 1957
|h Library of Congress classification
|i unmediated -- volume
|m A14801514287
|
| 998 |
f |
f |
|a E178.1 H295 1957
|t 0
|l Remote Storage
|